00386nam a22001337a 4500003000500000005001700005008004100022040000900063082000800072100005900080245008500139260002000224300000800244NUST20170926152649.0170926b xxu||||| |||| 00| 0 eng d cNUST a351 aKhan,Ghassan, Ubaid,Malik, Azam,Javed, & Rehman,Adeeba aE-governance & corruption is e-governance an effective weapon to curb curroption aIslamabadc2014 a89p